1407 1443 1326 1475 1684 1578 1129 1501 1452 1301 1607 1012 1823 1857 1545 1029 1663 1691 1351 1163 1635 1973 1900 1276 1035 1487 1594 1928 1968 1286 1336 1464 1789 1989 1319 1174 1894 1718 1621 1145 1572 1299 1131 1582 1011 1611 1184 1346 1229 1112 1486 1503 1434 1172 1215 1712 1951 1952 1238 1181 1401 1597 1867 1558 1278 1644 1958 1143 1367 1447 1634 1368 1170 1667 1854 1658 1640 1841 1198 1601 1070 1240 1391 1420 1701 1341 1026 1920 1029 1605 1434 1138 1517 1579 1378 1192 1425 1476 1817 BCNSPRNW ULIB Ver.6.0+V

เปลี่ยนเป็นภาษาไทย

Change to English
 แสดงรายละเอียดบรรณานุกรม
  กลับหน้าหลัก

Brief Record : Get Marc (ISO 2709) : E-mail record : QR code < ปิดหน้าต่าง
LEADER : 00000nam 2200000uu 4500
001    13399108738
003     ULIB
008    110314s2550||||th 000 0 tha d
020    9789749530054
060 04 QZ365^bพ887ค 2550
245 00 คู่มือต้านมะเร็งด้วยการแพทย์แผนไทย /^cบรรณาธิการ, เพ็ญนภาทรัพย์เจริญ ; คณะผู้เขียน, กิติ จินดาวิจักษณ์ ... [และคนอื่นๆ]
250    พิมพ์ครั้งที่ 3
260    นนทบุรี :^bมูลนิธิการแพทย์แผนไทยพัฒนา,^c2550
300    75 หน้า :^bภาพประกอบ ;^c21 ซม.
650  7 การแพทย์แผนโบราณ^zไทย
650  7 มะเร็ง^xการรักษา
700 0  เพ็ญนภา ทรัพย์เจริญ,^eบรรณาธิการ
700 0  กิติ จินดาวิจักษณ์
710 2  มูลนิธิการแพทย์แผนไทยพัฒนา. ^bศูนย์พัฒนาตำราการแพทย์แผนไทย
945    ^p100^l0^i021408
945    ^p100^l0^i021407
945    ^p100^l0^i019725
945    ^p100^l0^i018985
945    ^p100^l0^i019724
995    ทศพร
999 ^a ใช้งานได้ทุกระบบ
รายการนี้ยังไม่มีแท็ก
คุณยังไม่ได้ล็อกอิน คุณสามารถมีกิจกรรมร่วมกับเว็บไซต์ได้ แต่ต้องล็อกอินก่อน ::
  ล็อกอิน

รายการสื่อสารสนเทศ

ลำดับที่ ประเภท เลขเรียก/บาร์โค้ด สถานที่ สถานะ
- ไม่พบข้อมูล -

รายการใกล้เคียง
    หัวเรื่อง [การแพทย์แผนโบราณ ไทย]
    หัวเรื่อง [มะเร็ง การรักษา]

BibComment


ยังไม่เคยถูกคอมเมนท์

คอมเมนท์ทรัพยากรรายการนี้
  คอมเมนท์: คู่มือต้านมะเร็งด..


 Copyright 2026. Bcnsprnw @Library